|
|
|
|
| LEADER |
01990nam a22003855i 4500 |
| 001 |
36783 |
| 003 |
BD-DhAAL |
| 005 |
20220612105544.0 |
| 008 |
190909t2019 bg 000 0abenod |
| 999 |
|
|
|c 40850
|d 40850
|
| 010 |
|
|
|a 2019315339
|
| 020 |
|
|
|a 9789843460202
|
| 037 |
|
|
|b Library of Congress -- New Delhi Overseas Office
|
| 040 |
|
|
|a DLC
|b eng
|e rda
|c DLC
|d BD-DhAAL
|
| 041 |
|
|
|a ben
|
| 042 |
|
|
|a lcode
|
| 082 |
|
|
|a 332.1095492
|2 22
|
| 100 |
|
|
|a আহমেদ, সালেহউদ্দিন
|9 38074
|
| 245 |
0 |
0 |
|a গভর্নরের স্মৃতিকথা /
|c সালেহউদ্দিন আহমেদ
|
| 246 |
|
|
|a Gabharnarera smrtikatha
|
| 260 |
|
|
|a ঢাকা :
|b বণিকবার্তা,
|c ২০১৯
|
| 300 |
|
|
|a ১৬৭ পৃষ্ঠা :
|b চিত্র ;
|c ২২ সে.মি.
|
| 520 |
|
|
|a Autobiographical reminiscences of Salehuddin Ahmed, b. 1949, economist and college teacher from Bangladesh.
|
| 526 |
|
|
|a AAL
|
| 541 |
|
|
|a Book Finder International, Donated By Akbar Ali Khan (38350, 38774)
|e 36783, 38350, 38774
|
| 546 |
|
|
|a In Bengali.
|
| 600 |
|
|
|a Ahmed, Salehuddin,
|d 1949-
|9 38070
|
| 650 |
|
|
|a Economist
|z Bangladesh
|v Biography.
|9 38071
|
| 650 |
|
|
|a Economics.
|9 49205
|
| 650 |
|
|
|a Authors, Bangladeshi
|v Biography.
|9 38072
|
| 852 |
|
|
|a Ayesha Abed Library
|c General Stacks
|
| 942 |
|
|
|2 ddc
|c BK
|
| 952 |
|
|
|0 0
|1 0
|2 ddc
|4 0
|6 332_109549200000000_AHM
|7 0
|9 67334
|a BRACUL
|b BRACUL
|c GEN
|d 2019-12-02
|e Book Finder International
|g 400.00
|l 1
|m 5
|o 332.1095492 AHM
|p 3010036783
|r 2026-04-08
|s 2026-03-07
|t 1
|v 400.00
|w 2019-12-02
|y BK
|
| 952 |
|
|
|0 0
|1 0
|2 ddc
|4 0
|6 332_109549200000000_AHM
|7 1
|9 70491
|a BRACUL
|b BRACUL
|c CS1
|d 2022-04-11
|e Donated by Akbar Ali Khan
|l 0
|o 332.1095492 AHM
|p 3010038350
|r 2022-04-11
|t 2
|w 2022-04-11
|y BK
|
| 952 |
|
|
|0 0
|1 0
|2 ddc
|4 0
|6 332_109549200000000_AHM
|7 1
|9 70872
|a BRACUL
|b BRACUL
|c CS1
|d 2022-06-12
|e Donated by Akbar Ali Khan
|l 1
|m 5
|o 332.1095492 AHM
|p 3010038774
|q 2026-06-02
|r 2026-04-13
|s 2026-04-13
|t 3
|w 2022-06-12
|y BK
|